| 000 | 00721cam a2200253I 4500 | ||
|---|---|---|---|
| 001 | 7745 | ||
| 003 | BD-RjUL | ||
| 005 | 20211208234452.0 | ||
| 008 | 140115s1965 ilu b 00100 eng | ||
| 035 | _a(BD-RjUL)7789 | ||
| 040 |
_aDLC _cCSU _dOCL _dSER _dBOS _dBD-RjUL _beng |
||
| 041 | _aeng | ||
| 082 |
_220 _a328.73 _bSCI 1965 |
||
| 090 |
_aQ125 _bF65 |
||
| 245 | 1 | 0 |
_aScience and society / _cNorman Kaplan |
| 260 |
_aChicago : _bRand McNally , _cc1965 |
||
| 300 |
_aix, 615 p. ; _c23 cm. |
||
| 490 | 0 | _aRand McNally sociology series. | |
| 504 | _aBibliography: p. 581-595. and index. | ||
| 650 | 0 |
_aScience and state _zUnited States. _924150 |
|
| 700 |
_aKaplan, Norman, _924151 |
||
| 942 |
_2ddc _cBK |
||
| 999 |
_c7745 _d7745 |
||